Vatican Immigration by Country - Statistics

General Stats
  • This quiz has been taken 109 times
  • The average score is 9 of 10
Answer Stats
# People Country of Origin % Correct
144 Italy
99%
14 United States
98%
41 France
97%
20 Spain
95%
24 Germany
94%
12 Brazil
88%
147 Switzerland
84%
65 Argentina
79%
19 Mexico
77%
20 Poland
76%
No matching quizzes found
Score Distribution
Percent of People with Each Score
Percentile by Number Answered
Your Score History
You have not taken this quiz